| 000 | 01680nam a2200373 a 4500 | ||
|---|---|---|---|
| 001 | ebr10671309 | ||
| 003 | CaPaEBR | ||
| 006 | m u | ||
| 007 | cr cn||||||||| | ||
| 008 | 100506s2010 nyud sb 001 0 eng d | ||
| 010 | _z 2010016733 | ||
| 020 | _z9781616683177 (hardcover) | ||
| 020 | _z9781613245668 (e-book) | ||
| 040 |
_aCaPaEBR _cCaPaEBR |
||
| 035 | _a(OCoLC)740447237 | ||
| 050 | 1 | 4 |
_aQA273.6 _b.A434 2010eb |
| 082 | 0 | 4 |
_a519.2/4 _222 |
| 100 | 1 |
_aAhsanullah, M. _q(Mohammad) |
|
| 245 | 1 | 0 |
_aExponential distribution _h[electronic resource] : _btheory and methods / _cM. Ahsanullah and G.G. Hamedani. |
| 260 |
_aHauppauge, N.Y. : _bNova Science Publishers, _cc2010. |
||
| 300 |
_ax, 144 p. : _bill. |
||
| 490 | 1 | _aMathematics research developments | |
| 504 | _aIncludes bibliographical references and index. | ||
| 505 | 0 | _aOrder statistics -- Record values -- Generalized order statistics -- Characterizations of exponential distribution based on order statistics -- Characterizations of exponential distribution based on record values. | |
| 533 |
_aElectronic reproduction. _bPalo Alto, Calif. : _cebrary, _d2013. _nAvailable via World Wide Web. _nAccess may be limited to ebrary affiliated libraries. |
||
| 650 | 0 | _aDistribution (Probability theory) | |
| 650 | 0 | _aExponential families (Statistics) | |
| 650 | 0 | _aOrder statistics. | |
| 655 | 7 |
_aElectronic books. _2local |
|
| 700 | 1 |
_aHamedani, G. G. _q(Gholamhossein G.) |
|
| 710 | 2 | _aebrary, Inc. | |
| 830 | 0 | _aMathematics research developments series. | |
| 856 | 4 | 0 |
_uhttp://site.ebrary.com/lib/rucke/Doc?id=10671309 _zAn electronic book accessible through the World Wide Web; click to view |
| 999 |
_c176206 _d176206 |
||